00509nam a2200157Ia 4500008004100000082001800041100001100059245003400070250000800104260004100112300001000153650003900163942001200202952012200214999001500336150201s2007 xx 000 0 und d a617.6bH2007P aPRABHU aHIV & AIDS IN DENTAL SCIENCES a1ST bDENTAL COUNCIL OF INDIAaDELHIc2007 a1-287 aPREVENTIVE AND COMMUNITY DENTISTRY 2ddccBK 00102ddc4070aFDbFDd2008-12-25eCOMPh1iSGTUl0o617.6 H2007PpFD5710r2015-02-09 00:00:00w2013-02-15yBKk683 c4221d4221